| LEADER 00000nama 2200000uu 4500 |
| 008 040531s|||| th m m a000 0 tha d |
| 020 974-456-357-4
|
| 041 tha
|
| 050 WB50 ค695 2552
|
| 100 สถาบันการแพทย์แผนไทย กรมพัมนาการแพทย์แผนไทยและการแพทย์ทางเลือก.
|
| 245 คู่มือประชาชนในการดูแลสุขภาพด้วยการพทย์แผนไทย/กลุ่มงานพัฒนาวิชาการแพทย์แผนไทยและสมุนไพร สถาบันการแพทย์แผนไทย กรมพัฒนาการแพทย์แผนไทยและการแพทย์ทางเลือก.
|
| 250 พิมพ์ครั้งที่ 3.
|
| 260 กรุงเทพฯ. กลุ่มงานพัฒนาวิชาการแพทย์แผนไทยและสมุนไพร. 2552.
|
| 300 302 หน้า.
|
| 600 I.กระทรวงสาธารณสุข กรมพัฒนาการแพทย์แผนไทยและการแพทยืทางเลือก สถาบันการแพทย?แผนไทย.
|
| 650 1.การรักษาด้วยสมุนไพร 2.การดูแลตนเอง 3.การแพทย์โบราณ.
|
| 995 001
|
| 999 ^aใช้งานได้ทุกระบบ
|